| 000 | 00796nam a2200229 a 4500 | ||
|---|---|---|---|
| 005 | 20240802063700.0 | ||
| 008 | 031031s2001 mx r 000 0 spa d | ||
| 020 | _a9683683614 | ||
| 035 | _aUPN01000130518 | ||
| 049 | _aCG | ||
| 050 | 4 |
_aHM101 _bE2.2 |
|
| 100 | 1 |
_aEcheverría, Bolívar _938252 |
|
| 245 | 1 | 0 |
_aDefinición de la cultura : _bcurso de filosofía y economía 1981-1982 / _cBolívar Echeverría. |
| 260 |
_aMéxico : _bItaca : _bUNAM, Facultad de Filosofía y Letras, _c2001. |
||
| 300 | _a275 p. | ||
| 590 | _a(También localizas un ejemplar en el "Area de Reserva") | ||
| 590 | _aBibliografía Básica (BGTQ) | ||
| 650 | 4 |
_aCultura _xFilosofía _9999 |
|
| 650 | 2 |
_aCultura _xEstudio y enseñanza _96901 |
|
| 650 | 4 |
_aEducación _xAspectos económicos _911820 |
|
| 905 | _aLibro | ||
| 999 |
_c102675 _d102675 |
||